000 00769nam a2200253 i 4500
003 DO-SdBNP
005 20250616152647.0
007 ta
008 250616b2016 ve ||||| |||| 00| 0 spa d
020 _a9789801290254
040 _aDO-SdBNP
_bspa
_cBNPHU
_erda
041 _aspa
082 4 _222
_axxx
_bxxx
100 _aGuillarte, Oscar,
_eautor
_4aut.
_988129
245 1 0 _aHilos de luz /
_cOscar Guillarte ; prólogo, Betty Lobato Avila
264 1 _aCaracas, Venezuela,
_bGrafnet Servicios CA,
_c2016.
336 _atexto
_btxt
_2rdacontent
337 _asin mediación
_bn
_2rdamedia
338 _avolumen
_bnc
_2rdacarrier
590 _aInventariado, 2025/BT
700 1 _4prologuista
_aLobato Avila, Betty,
_epr.
_988130
910 _aBtavárez
942 _2ddc
_cLBS1
999 _c59299
_d59299